| 000 | 00623nam a22002177a 4500 | ||
|---|---|---|---|
| 005 | 20250519164148.0 | ||
| 008 | 250519b |||||||| |||| 00| 0 eng d | ||
| 037 | _cTB | ||
| 040 |
_aLCT _cLCT |
||
| 084 | _aZ,91 Q16 | ||
| 100 |
_aLloyd _9784737 |
||
| 245 | _aLloyd's Introduction to Jurisprudence / | ||
| 250 | _a9th ed. | ||
| 260 |
_aLondon, United Kingdom: _bSweet & Maxwell, Thomson Reuters, _c2016 |
||
| 300 | _axlii, 1617p. | ||
| 365 |
_aGBP _b87.17 |
||
| 650 |
_aLaw _9784738 |
||
| 650 |
_a Jurisprudence _9754938 |
||
| 650 |
_aLegal Theory _9784739 |
||
| 942 |
_2CC _cTB _hZ,91 Q16 _n0 |
||
| 999 |
_c1428848 _d1428848 |
||